| 000 | 00860nam a22002537a 4500 | ||
|---|---|---|---|
| 001 | 3415 | ||
| 003 | FISKH | ||
| 005 | 20240304151557.0 | ||
| 008 | 240304b cb ||||| |||| 00| 0 eng d | ||
| 040 |
_aFISK _beng _cFISK _dFISK |
||
| 050 | _aPZ7.H87398 | ||
| 082 | _a823.914 | ||
| 100 |
_aHughes Ted _d1930-1998 |
||
| 245 | _aHow the whale became and other stories / | ||
| 260 |
_aNew York : _bFaber & Faber, _c1963 |
||
| 300 |
_a107 pages : _b20 cm |
||
| 505 | _aM | ||
| 520 | _aA collection of creation stories explaining why owls hunt at night, why the dog was chosen to guard farm animals, why polar bears live at the North Pole, and how the elephant came to accept its unique and wonderful qualities | ||
| 521 | 8 |
_a600 _bLexile estimate |
|
| 521 | 8 |
_aM _bRaz-Plus estimate |
|
| 700 | _aTed Hughes | ||
| 942 |
_2ddc _cBK _n0 |
||
| 999 |
_c3415 _d3415 |
||